[Event "BL2 Sued 1617 (Women)"]
[Site "Germany"]
[Date "2017.01.22"]
[Round "4.1"]
[White "Liez, Franziska"]
[Black "Klotz, Sonja"]
[Result "1/2-1/2"]
[WhiteElo "1836"]
[BlackElo "2017"]
[PlyCount "60"]
[EventDate "2016.10.22"]
[EventType "team-tourn"]
[EventRounds "7"]
[EventCountry "GER"]
[SourceTitle "EXT 2018"]
[Source "ChessBase"]
[SourceDate "2017.10.13"]
[SourceVersion "1"]
[SourceVersionDate "2017.10.13"]
[SourceQuality "1"]
[WhiteTeam "Langen (W)"]
[BlackTeam "Stuttgart Wolfbusch (W)"]
[WhiteTeamCountry "GER"]
[BlackTeamCountry "GER"]

1. e4 c5 2. Nf3 Nc6 3. d4 cxd4 4. Nxd4 Nf6 5. Nc3 d6 6. Bc4 e6 7. Be3 Be7 8. 0-0 0-0 9. h3 a6 10. Qd2 Qc7 11. Bb3 b5 12. a3 Bb7 13. Rae1 Na5 14. Bxe6 Nxe4 15. Nxe4 Bxe4 16. Ba2 Nc4 17. Bxc4 Qxc4 18. Rd1 Bf6 19. c3 Rac8 20. Bg5 Bxd4 21. Qxd4 d5 22. Rd2 f6 23. Be3 Rfd8 24. Rfd1 Qxd4 25. Bxd4 Bg6 26. f3 Re8 27. Bf2 Bf7 28. Kf1 Re7 29. Re1 Rce8 30. Rde2 Rxe2 1/2-1/2

[Event "Hessen-ch U14/18 Girls"]
[Site "Bad Homburg"]
[Date "2013.??.??"]
[Round "3"]
[White "Liez, Franziska"]
[Black "Lukas, Anne"]
[Result "1-0"]
[WhiteElo "1844"]
[BlackElo "1738"]
[PlyCount "48"]
[EventDate "2013.03.??"]
[EventType "swiss"]
[EventRounds "7"]
[EventCountry "GER"]
[SourceTitle "EXT 2014"]
[Source "ChessBase"]
[SourceDate "2013.11.20"]
[SourceVersion "1"]
[SourceVersionDate "2013.11.20"]
[SourceQuality "1"]

1. e4 c6 2. d4 d5 3. exd5 cxd5 4. Bd3 Nf6 5. Bf4 Nc6 6. c3 g6 7. Nf3 Bg7 8. h3 0-0 9. 0-0 b6 10. Re1 Bb7 11. Nbd2 e6 12. Ne5 Nd7 13. Ndf3 Re8 14. Bb5 Ncxe5 15. Nxe5 Re7 16. Nxd7 a6 17. Bxa6 Bxa6 18. Ne5 Rc8 19. Qd2 Qe8 20. Ng4 h5 21. Nh2 Qf8 22. Bd6 Bh6 23. Qd1 Qe8 24. Bxe7 Qxe7 1-0

[Event "GER-chT Lands U20"]
[Site "Hannover"]
[Date "2012.10.03"]
[Round "7.6"]
[White "Liez, Franziska"]
[Black "Heinemann, Josefine"]
[Result "0-1"]
[WhiteElo "1762"]
[BlackElo "1868"]
[PlyCount "74"]
[EventDate "2012.09.29"]
[EventType "team-swiss"]
[EventRounds "7"]
[EventCountry "GER"]
[SourceTitle "CBM 150 Extra"]
[Source "ChessBase"]
[SourceDate "2012.10.19"]
[SourceVersion "1"]
[SourceVersionDate "2012.10.19"]
[SourceQuality "1"]
[WhiteTeam "Hessen"]
[BlackTeam "Sachsen Anhalt"]
[WhiteTeamCountry "GER"]
[BlackTeamCountry "GER"]

1. e4 c5 2. Nf3 d6 3. d4 cxd4 4. Nxd4 Nf6 5. Nc3 a6 6. Bg5 e6 7. f4 Be7 8. Qf3 Qc7 9. 0-0-0 Nbd7 10. g4 h6 11. Bxf6 Bxf6 12. h4 Qb6 13. Nb3 Be7 14. g5 Nc5 15. Nxc5 Qxc5 16. Bd3 Bd7 17. Rhg1 hxg5 18. hxg5 0-0-0 19. Kb1 Rh2 20. Rdf1 Rdh8 21. Rh1 Rxh1 22. Rxh1 Rxh1+ 23. Qxh1 Qe3 24. Qf1 Bd8 25. a3 Bb6 26. Ne2 Bc6 27. Qh1 Bd8 28. Qg1 Qxg1+ 29. Nxg1 Bb6 30. Nf3 Be3 31. f5 exf5 32. Ne1 fxe4 33. Be2 Bxg5 34. c3 f5 35. Kc2 f4 36. Bg4+ Bd7 37. Be2 Bh3 0-1

[Event "GER-chT Lands U20"]
[Site "Hannover"]
[Date "2012.09.30"]
[Round "3.6"]
[White "Duerr, Florian"]
[Black "Liez, Franziska"]
[Result "1-0"]
[WhiteElo "1927"]
[BlackElo "1762"]
[PlyCount "31"]
[EventDate "2012.09.29"]
[EventType "team-swiss"]
[EventRounds "7"]
[EventCountry "GER"]
[SourceTitle "CBM 150 Extra"]
[Source "ChessBase"]
[SourceDate "2012.10.19"]
[SourceVersion "1"]
[SourceVersionDate "2012.10.19"]
[SourceQuality "1"]
[WhiteTeam "Bayern"]
[BlackTeam "Hessen"]
[WhiteTeamCountry "GER"]
[BlackTeamCountry "GER"]

1. e4 e5 2. Nf3 Nc6 3. Bb5 a6 4. Ba4 Nf6 5. 0-0 Nxe4 6. d4 b5 7. Bb3 Be7 8. Nxe5 Nxe5 9. dxe5 0-0 10. Bd5 Nxf2 11. Qd4 c6 12. Bf3 Nh3+ 13. gxh3 f6 14. Bf4 fxe5 15. Bxe5 Rf5 16. Bd5+ 1-0

[Event "GER-ch U16 Girls"]
[Site "Oberhof"]
[Date "2012.05.31"]
[Round "7"]
[White "Liez, Franziska"]
[Black "Kuckling, Hannah"]
[Result "0-1"]
[WhiteElo "1726"]
[BlackElo "1783"]
[PlyCount "76"]
[EventDate "2012.05.27"]
[EventType "swiss"]
[EventRounds "9"]
[EventCountry "GER"]
[SourceTitle "CBM 148 Extra"]
[Source "ChessBase"]
[SourceDate "2012.06.22"]
[SourceVersion "1"]
[SourceVersionDate "2012.06.22"]
[SourceQuality "1"]

1. e4 c5 2. Nf3 e6 3. d4 cxd4 4. Nxd4 Nc6 5. Nc3 Qc7 6. g3 a6 7. Bg2 b5 8. 0-0 Bb7 9. Re1 Nf6 10. e5 b4 11. Na4 Nxd4 12. Bxb7 Qxb7 13. Qxd4 Nd5 14. b3 Rc8 15. Re2 Qb5 16. Qd2 Be7 17. Nb2 0-0 18. Nc4 f5 19. Bb2 Qc6 20. Rae1 f4 21. Re4 fxg3 22. hxg3 Rf5 23. Rg4 Rh5 24. Ree4 Rf8 25. Qe2 Bc5 26. Rxg7+ Kxg7 27. Qg4+ Kh8 28. Qxh5 Bxf2+ 29. Kh2 Nf6 30. exf6 Qxe4 31. f7+ Bd4 32. Bxd4+ Qxd4 33. Qf3 Kg7 34. Qh5 Qf2+ 35. Kh3 Qf5+ 36. Qxf5 exf5 37. Ne5 Rxf7 38. Kg2 Re7 0-1

[Event "Hessen-ch U18"]
[Site "Bad Homburg"]
[Date "2012.??.??"]
[Round "6"]
[White "Medvedovski, Michael"]
[Black "Liez, Franziska"]
[Result "1-0"]
[WhiteElo "1922"]
[BlackElo "1957"]
[PlyCount "121"]
[EventDate "2012.04.??"]
[EventType "swiss"]
[EventRounds "9"]
[EventCountry "GER"]
[SourceTitle "EXT 2015"]
[Source "ChessBase"]
[SourceDate "2014.11.20"]
[SourceVersion "1"]
[SourceVersionDate "2014.11.20"]
[SourceQuality "1"]

1. e4 e5 2. Nf3 Nc6 3. Bc4 Nf6 4. d4 exd4 5. 0-0 Nxe4 6. Re1 d5 7. Bxd5 Qxd5 8. Nc3 Qd8 9. Nxe4 Be7 10. Bg5 f6 11. Bf4 0-0 12. c3 dxc3 13. Qb3+ Kh8 14. Rad1 Qe8 15. Nxc3 Qg6 16. Nd5 Bd6 17. Bxd6 cxd6 18. Nc7 Rb8 19. Rxd6 Bg4 20. h3 Bxf3 21. Qxf3 Ne5 22. Qd5 Qc2 23. Ne6 Rfe8 24. Rd1 Qxb2 25. f4 Nc6 26. Rd7 Qb6+ 27. Nc5 Nb4 28. Qd6 Na6 29. Qxb6 axb6 30. Nxb7 Nc5 31. Nxc5 bxc5 32. Rc7 Ra8 33. Rdd7 Rg8 34. Rd2 Rac8 35. Rdd7 Ra8 36. Ra7 h6 37. Rxg7 Rxg7 38. Rxa8+ Kh7 39. Ra5 c4 40. Ra3 Rd7 41. Rc3 Rd2 42. a4 Rd4 43. g3 Kg6 44. Kf2 Kf5 45. Ke3 Re4+ 46. Kf3 Rd4 47. Ra3 c3 48. Rxc3 Rxa4 49. Rc5+ Kg6 50. Kg4 Rd4 51. h4 Rd7 52. f5+ Kg7 53. Kh5 Kh7 54. Rc4 Re7 55. Rc6 Kg7 56. g4 Rd7 57. Re6 Rc7 58. Ra6 Rd7 59. Rb6 Re7 60. g5 hxg5 61. hxg5 1-0